000 01559nam a22003137a 4500
003 PE SENCICO BE
005 20251020182707.0
008 240228b |||||||| |||| 00| 0 eng d
040 _aPE SENCICO BE
_cPE SENCICO BE
041 _aspa
084 _aI
_aDIS
_a2012
_bG91
100 1 _91994
_aGulden Rodríguez, Hollie
_eautor
245 1 _aAplicación del diseño interior en espacios comerciales :
_bzapatería Ciara, Gy G Joyeros, zapatería Viviane Fiedler /
_cHollie Gulden Rodríguez
246 _aAplicación del diseño interior en espacios comerciales : los Bachiche restaurante
260 _aLima :
_c2012
300 _a2 v. :
_bplanos,
_c30 x 40 cm.
500 _aLos dos volúmenes contienen planos:30 x 40 cm. y 40 x 56 cm.
502 _aMonografía de Titulación.-- Servicio Nacional de Capacitación para la Industria de la Construcción. Escuela Superior Técnica. Carrera Profesional Técnica en Diseño de Interiores, 2012
505 0 _av. 1. Aplicación del diseño interior en espacios comerciales : zapatería Ciara, Gy G Joyeros, zapatería Viviane Fiedler -- v. 2. Aplicación del diseño interior en espacios comerciales : los Bachiche restaurante
650 1 0 _944
_aDiseño de interiores
650 2 0 _91995
_aEspacios comerciales
650 2 0 _9884
_aZapaterías
650 2 0 _91903
_aJoyería
650 2 0 _966
_aRestaurantes
650 2 0 _9615
_aPlanos
710 1 _aServicio Nacional de Capacitación para la Industria de la Construcción.
_bEscuela Superior Técnica
_91065
910 _bhfp
_chfp
942 _cMON
_2ddc
999 _c4972
_d4972